Nuclear energy / (Record no. 10128)

MARC details
000 -LEADER
fixed length control field 01939cam a2200409 i 4500
001 - CONTROL NUMBER
control field 17771530
003 - CONTROL NUMBER IDENTIFIER
control field mut
005 - DATE AND TIME OF LATEST TRANSACTION
control field 20240606081130.0
008 - FIXED-LENGTH DATA ELEMENTS--GENERAL INFORMATION
fixed length control field 130610t20142014miua j b 001 0 eng
010 ## - LIBRARY OF CONGRESS CONTROL NUMBER
LC control number 2013022293
020 ## - INTERNATIONAL STANDARD BOOK NUMBER
International Standard Book Number 9781420508741 (hardback)
020 ## - INTERNATIONAL STANDARD BOOK NUMBER
International Standard Book Number 1420508741 (hardback)
040 ## - CATALOGING SOURCE
Original cataloging agency DLC
Language of cataloging eng
Transcribing agency DLC
Description conventions rda
Modifying agency DLC
042 ## - AUTHENTICATION CODE
Authentication code pcc
050 00 - LIBRARY OF CONGRESS CALL NUMBER
Classification number TK9148
Item number .H55 2014
082 00 - DEWEY DECIMAL CLASSIFICATION NUMBER
Classification number 333.792/4
Edition information 23
084 ## - OTHER CLASSIFICATION NUMBER
Classification number JNF051000
-- JNF061000
Number source bisacsh
100 1# - MAIN ENTRY--PERSONAL NAME
Personal name Hillstrom, Kevin,
Dates associated with a name 1963-
245 10 - TITLE STATEMENT
Title Nuclear energy /
264 #1 - PRODUCTION, PUBLICATION, DISTRIBUTION, MANUFACTURE, AND COPYRIGHT NOTICE
Place of production, publication, distribution, manufacture Detroit :
Name of producer, publisher, distributor, manufacturer Lucent Books, an part of Gale Cengage Learning,
Date of production, publication, distribution, manufacture, or copyright notice [2014]
264 #4 - PRODUCTION, PUBLICATION, DISTRIBUTION, MANUFACTURE, AND COPYRIGHT NOTICE
Date of production, publication, distribution, manufacture, or copyright notice ©2014
300 ## - PHYSICAL DESCRIPTION
Extent 96 pages :
Other physical details illustrations (chiefly color) ;
Dimensions 24 cm.
336 ## - CONTENT TYPE
Content type term text
Source rdacontent
337 ## - MEDIA TYPE
Media type term unmediated
Source rdamedia
338 ## - CARRIER TYPE
Carrier type term volume
Source rdacarrier
490 0# - SERIES STATEMENT
Series statement Hot topics
504 ## - BIBLIOGRAPHY, ETC. NOTE
Bibliography, etc. note Includes bibliographical references (pages 88-89) and index.
504 ## - BIBLIOGRAPHY, ETC. NOTE
Bibliography, etc. note Includes bibliographical references and index.
505 0# - FORMATTED CONTENTS NOTE
Formatted contents note Introduction: Nuclear Power and the World's Energy Future -- The History of Nuclear Energy -- Harnessing Nuclear Energy -- The Benefits of Nuclear Energy -- The Drawbacks of Nuclear Energy -- Nuclear Energy in the Twenty-First Century -- Discussion Questions -- Organizations to Contact.
520 ## - SUMMARY, ETC.
Summary, etc. "The books in this series objectively and thoughtfully explore topics of political, social, cultural, economic, moral, historical, or environmental importance"--
Assigning source Provided by publisher.
650 #0 - SUBJECT ADDED ENTRY--TOPICAL TERM
Topical term or geographic name entry element Nuclear energy
Form subdivision Juvenile literature.
650 #7 - SUBJECT ADDED ENTRY--TOPICAL TERM
Topical term or geographic name entry element JUVENILE NONFICTION / Science & Nature / General (see also headings under Animals or Technology).
Source of heading or term bisacsh
650 #7 - SUBJECT ADDED ENTRY--TOPICAL TERM
Topical term or geographic name entry element JUVENILE NONFICTION / Technology / General.
Source of heading or term bisacsh
906 ## - LOCAL DATA ELEMENT F, LDF (RLIN)
a 7
b cbc
c orignew
d 1
e ecip
f 20
g y-gencatlg
942 ## - ADDED ENTRY ELEMENTS (KOHA)
Source of classification or shelving scheme Library of Congress Classification
Koha item type Books
Holdings
Withdrawn status Lost status Source of classification or shelving scheme Damaged status Not for loan Home library Current library Date acquired Total checkouts Full call number Barcode Date last seen Price effective from Koha item type
    Library of Congress Classification     Murang'a University of Technology Library Murang'a University of Technology Library 29/05/2017   TK9148 .H55 2014 010551 24/02/2025 29/05/2017 Books